| 000 | 00726nam a22001937a 4500 | ||
|---|---|---|---|
| 003 | AUA.1 | ||
| 005 | 20251119170853.0 | ||
| 008 | 250711b |||||||| |||| 00| 0 eng d | ||
| 040 | _cJTL | ||
| 100 |
_aNjock, David Vivian _943158 |
||
| 245 |
_aTransmission of Seventh-day Adventist lifestyle values to Cameroonian youth in Douala III District of the West Cameroon Mission / _cDavid Vivian Njock. |
||
| 260 | _cc2025 | ||
| 300 |
_axii,183 leaves : _bIllustrations : _c30cm. |
||
| 610 |
_aSeventh-day Adventist Church : _bDouala III District, West Cameroon Mission _zCameroon |
||
| 650 | _aValues | ||
| 650 | _aSeventh-day Adventists | ||
| 650 | _aChurch work with youths | ||
| 942 |
_2aua _cDISS _hDMin _i.N46 2025 |
||
| 999 |
_c25197 _d25197 |
||